000 02513cam a22002054a 4500
005 20250605164238.0
008 250528s ||||||||||||||||||||||||d
035 _a21226
020 _a9789600113167
040 _aGR-AtMCL
_bgre
_dGR-AtMCL
_eAACR2
245 1 _aΨυχικές Διαταραχές και Μαθησιακές Δυσκολίες Παιδιών και Εφήβων
250 _a
260 _bGutenberg,
_c2010
300 _a422
520 _aΣτο παρόν βιβλίο περιγράφονται οι ψυχικές διαταραχές παιδιών και εφήβων με παράλληλη αναζήτηση των αιτιών που τις προκαλούν, την κλινική εικόνα που εμφανίζουν, τις επιπτώσεις στην οικογενειακή και σχολική ζωή, και προτείνονται τρόποι θεραπευτικής αντιμετώπισης τους. Πρόλογος, Θεωρίες Ανάπτυξης του Ατόμου, Κριτήρια Ψυχικής Υγείας, Κριτήρια Ανθρώπινης Συμπεριφοράς, Επιδημιολογία και Συμπτώματα Ψυχικών Διαταραχών, Αγχώδεις Διαταραχές, Διαταραχές Διαγωγής, Διαταραχή Ελλειματικής Προσοχής - Υπερκινητικότητα, Διαταραχές Διάθεσης, Νοητική Υστέρηση, Διάχυτες Αναπτυξιακές Διαταραχές, Παιδική Σχιζοφρένεια, Διαταραχές Βασικών Σωματικών Λειτουργιών, Διαταραχές ΤΙΚ, Ερωτική Συμπεριφορά, Γλωσσική Λειτουργία, Λειτουργίες του Εγκεφάλου και Μαθηματικά, Μαθησιακές Δυσκολίες, Αναπτυξιακές Διαταραχές Μάθησης και Επικοινωνίας, Δυσλεξία, Μαθησιακές Δυσκολίες Παιδιών με Αισθητηριακές Μειονεξίες, Μύθοι και Πραγματικότητα για τη Δυσλεξία, Ομάδα Ψυχικής Υγιεινής, Αντιμετώπιση Ψυχικών Διαταραχών, Βιβλιογραφία, Ευρετήριο Συγγραφέων και Θεματικών Όρων.
700 1 _aΠαπαδάτος Γιάννης
_96826
942 _cBK
999 _c6293
_d6293